00459caa a22001932a 4500001000900000003001100009008004700020092001700067100001800084245006200102245001300164300001200177440000700189260001900196650001400215650001200229942000900241999001500250 001639 AR-FADEU 311216n############xxu####################dd aPP(330.8)EST aMitnik, Oscar bEducación y pobreza. Un estudio sobre el Gran Córdoba aEstudios a181-188 n79 coct. dic. 1996 aEDUCACION aPOBREZA cPPGR c4417d4417